History Quiz

Random History or Famous Quiz

Famous British Ships Quiz Stats

 Plays Quiz Updated Jul 8, 2015

Also try: Clickable Captains
Challenge
Share
Tweet
Embed
Score 0/20 Timer 05:00
0 Plays Today
Clue Answer % Correct
Which ship sank after striking an iceberg in the north Atlantic Ocean in April 1912?RMS Titanic
99.1%
Which ship carried the Pilgrim Fathers to America in 1620?Mayflower
90.7%
What is the name of the ship subject to a famous mutiny in 1789?HMS Bounty
82.2%
What is the name of the ship that carried Charles Darwin in his voyage to the Galapagos Islands?HMS Beagle
67.2%
The torpedoing of which ship 7th May 1915 with the loss of 128 American lives brought America closer to war with Germany?RMS Lusitania
65.1%
What was the name of Nelson's flagship at the Battle of Trafalgar 1805?HMS Victory
54%
Which Cunard ocean liner launched in 1936 is now a tourist attraction in Long Beach, California?RMS Queen Mary
53%
What was the name of the ship in which Francis Drake circumnavigated the globe 1577-80?Golden Hind
46.5%
What is the name of the Tudor ship that sank in 1545, discovered and salvaged in 1982?Mary Rose
45.6%
Which battlecruiser was sunk by the German battleship Bismarck in the Denmark Strait 23rd May 1941?HMS Hood
40.9%
Clue Answer % Correct
Which record time breaking tea clipper launched 1869 and dry docked at Greenwich was badly damaged by fire on 21th May 2007?Cutty Sark
40.3%
What was the name of the Royal Yacht used by HM Queen Elizabeth II from 1954 until decommissioned in 1997?HMY Britannia
34.8%
Which ship launched in 1906 was the first 'all big-gun' battleship which made every other battleship in the world obsolete?HMS Dreadnought
32.7%
Which Cunard ocean liner launched in 1938 caught fire and sank in Hong Kong harbour in 1972?RMS Queen Elizabeth
32.5%
What was the name of the English flagship during the Spanish Armada and of several aircraft carriers since?HMS Ark Royal
30.8%
Name any of the three ships used by James Cook in his 18th century Pacific voyages.HM Bark Endeavour; HMS Resolution; HMS Discovery
30.4%
Name any of the three steamships built by Isambard Kingdom Brunel during the 1830-50s.SS Great Western; SS Great Britain; SS Great Eastern
26.1%
Which ship came to the rescue of Nelson's flagship at the Battle of Trafalgar and is the subject of a famous painting by Joseph Turner?HMS Temeraire
15.9%
What was the name of the submarine that sank the Argentinian cruiser General Belgrano during the Falklands War?HMS Conqueror
9.8%
In which ship, subject of a poem by Tennyson, did Richard Grenville fight 53 Spanish ships alone at Flores (Azores) in 1591? Revenge
5.9%

You're not logged in!

Compare scores with friends on all Sporcle quizzes.
Join for Free
OR
Log In

You Might Also Like...

Show Comments

Extras

Top Quizzes Today


Score Distribution

Your Account Isn't Verified!

In order to create a playlist on Sporcle, you need to verify the email address you used during registration. Go to your Sporcle Settings to finish the process.

Report this User

Report this user for behavior that violates our Community Guidelines.

Details: